Statistics for Word Scramble - Random Geography

Click here to take the quiz!

General Stats

  • This quiz has been taken 358 times
  • The average score is 12 of 20

Answer Stats

TypeAnswer% Correct
CountryAfghanistan
100%
CountryAzerbaijan
100%
CountryBrazil
100%
CountryColombia
100%
CountryGreece
100%
CountryJordan
100%
CountryLatvia
100%
World CityOsaka
100%
US StateTexas
100%
RegionWales
100%
CountryZambia
100%
US StateAlabama
95%
CountryVanuatu
95%
US StateDelaware
94%
CountryMozambique
94%
US StateKentucky
93%
US StateNevada
93%
CountrySweden
93%
MountainBlanc
92%
IslandMalta
92%
Body of WaterMississippi
92%
MountainEverest
91%
IslandTuvalu
91%
US StateArkansas
90%
CountryJapan
90%
CountryMorocco
90%
US StateMaryland
89%
CountryAngola
86%
IslandCyprus
86%
US StateIndiana
86%
US StateKansas
86%
CountryYemen
86%
CountryMauritania
85%
Capital CityHavana
83%
CountryGeorgia
82%
US StateVermont
82%
US StateWyoming
82%
CountryKyrgyzstan
80%
CountryNicaragua
80%
Body of WaterPacific
80%
US StateColorado
79%
TerritoryGuam
79%
IslandJamaica
79%
RegionQuebec
78%
World CityBangkok
77%
CountryBurundi
77%
RegionHawaii
77%
Capital CityReykjavik
77%
CountryHonduras
76%
US StateCalifornia
75%
US StatePennsylvania
75%
CountrySeychelles
75%
CountrySwitzerland
75%
CountryArmenia
73%
CountryIndia
73%
RegionVirginia
73%
CountryAlgeria
72%
DisputeCrimea
71%
World CityDallas
71%
US StateMaine
71%
US StateMassachusetts
71%
CountryNetherlands
71%
World CityOttawa
71%
RegionSicily
71%
CountryVietnam
71%
US StateVirginia
71%
Capital CityWarsaw
71%
Capital CityBratislava
70%
Capital CityBrussels
70%
US StateOregon
70%
CountryTajikistan
70%
CountryBelgium
69%
CountryGuinea-Bissau
69%
CountryMadagascar
69%
US StateTennessee
69%
CountryCameroon
67%
Body of WaterCaribbean
67%
US StateConnecticut
67%
CountryDominica
67%
CountryEswatini
67%
IslandIreland
67%
RegionSaxony
67%
Capital CitySingapore
67%
IslandBorneo
64%
MountainDenali
64%
World CityHonolulu
64%
World CityMunich
62%
CountryBulgaria
60%
IslandIceland
60%
CountryLiechtenstein
60%
Capital CityMuscat
60%
Capital CityNassau
59%
Body of WaterAmazon
58%
CountryAustralia
58%
World CityChicago
58%
World CityKarachi
58%
TerritoryGibraltar
57%
CountryNiger
57%
RegionSiberia
57%
Capital CityCopenhagen
55%
RegionMassachusetts
55%
Capital CityTashkent
55%
World CityBuffalo
54%
Body of WaterCaspian
54%
World CityMemphis
54%
CountryTunisia
54%
Capital CityYaounde
54%
World CityBeijing
53%
RegionPunjab
53%
World CityAdelaide
50%
Capital CityBrasilia
50%
Body of WaterDanube
50%
Capital CityFunafuti
50%
DisputeKashmir
50%
World CityMonrovia
50%
Body of WaterPersian
50%
CountryRomania
50%
World CitySantiago
50%
RegionScotland
50%
World CityStuttgart
50%
Capital CityVilnius
50%
CountryArgentina
47%
World CityBrisbane
47%
CountryLebanon
47%
World CityMombasa
47%
IslandSumatra
47%
Body of WaterGanges
46%
Capital CityThimphu
46%
World CityAlexandria
45%
World CityCalgary
45%
Body of WaterAdriatic
44%
IslandCorsica
44%
CountryMauritius
44%
RegionTransylvania
44%
Body of WaterAtlantic
43%
World CityBarcelona
43%
IslandNewfoundland
42%
Body of WaterBering
41%
IslandGreenland
41%
Body of WaterHuron
40%
Capital CityMbabane
40%
Capital CityNaypyidaw
40%
IslandTasmania
40%
World CityXiamen
40%
World CityLahore
39%
TerritoryNorthwest
39%
TerritoryAzores
38%
Capital CityLjubljana
38%
RegionLombardy
38%
CountryLuxembourg
38%
TerritoryMontserrat
38%
RegionOntario
38%
RegionTahiti
38%
World CityNagoya
36%
RegionNormandy
36%
Capital CityMogadishu
35%
World CityBarranquilla
33%
World CityGuadalajara
33%
RegionJutland
33%
IslandSouth
33%
World CityTehran
33%
RegionTuscany
33%
RegionFlanders
31%
World CityMedellin
31%
Capital CityMontevideo
31%
Capital CityWellington
31%
Body of WaterBaffin
29%
World CityBandung
29%
RegionCorsica
29%
World CityDurban
27%
DisputePalestine
27%
Body of WaterZambezi
27%
IslandHonshu
25%
RegionOklahoma
25%
World CityTianjin
25%
RegionTuscany
25%
MountainAconcagua
23%
World CityGuayaquil
23%
Capital CityPristina
23%
World CityValencia
23%
World CityHyderabad
21%
Capital CityBelmopan
20%
World CityHyderabad
20%
World CityPittsburgh
20%
RegionSardinia
20%
Body of WaterTanganyika
20%
Capital CityBasseterre
18%
World CityMarseille
18%
IslandHokkaido
17%
Capital CityRabat
17%
World CitySheffield
16%
World CityMontreal
13%
World CityNottingham
7%
TerritoryQueensland
6%
RegionAlberta
0%
RegionHokkaido
0%
World CityJohannesburg
0%
TerritoryNunavut
0%
TerritorySvalbard
0%
RegionWallonia
0%

Score Distribution

Percentile by Number Answered

Percent of People with Each Score

Your Score History

You have not taken this quiz